Management / Seventh Edition (Record no. 705)
[ view plain ]
| 000 -LEADER | |
|---|---|
| fixed length control field | 01548cam a22002054a 4500 |
| 005 - ΗΜΕΡΟΜΗΝΙΑ ΚΑΙ ΩΡΑ ΤΕΛΕΥΤΑΙΑΣ ΕΝΗΜΕΡΩΣΗΣ | |
| Πεδίο ελέγχου | 20250605163943.0 |
| 008 - FIXED-LENGTH DATA ELEMENTS--GENERAL INFORMATION | |
| Πεδίο ελέγχου σταθερού μήκους | 250528s ||||||||||||||||||||||||d |
| 035 ## - SYSTEM CONTROL NUMBER | |
| System control number | 15108 |
| 020 ## - ISBN | |
| ISBN | 395871905 |
| 040 ## - ΠΗΓΗ ΚΑΤΑΛΟΓΟΓΡΑΦΗΣΗΣ | |
| Φορέας πρωτότυπης καταλογογράφησης | MC Athens Campus Library |
| Γλώσσα καταλογογράφησης | Ελληνικά, Μοντέρνα (1453-) |
| Modifying agency | MC Athens Campus Library |
| Κανόνες περιγραφικής καταλογογράφησης | AACR2 |
| 245 1# - ΤΙΤΛΟΣ ΚΑΙ ΔΗΛΩΣΗ ΥΠΕΥΘΥΝΟΤΗΤΑΣ | |
| Τίτλος | Management / Seventh Edition |
| 250 ## - EDITION STATEMENT | |
| Edition statement | 7th |
| 260 ## - PUBLICATION, DISTRIBUTION, ETC. | |
| Name of publisher, distributor, etc. | Houghton Mifflin Company, |
| Date of publication, distribution, etc. | 1998 |
| 300 ## - PHYSICAL DESCRIPTION | |
| Extent | 678 |
| 520 ## - SUMMARY, ETC. | |
| Summary, etc. | This practical, student-oriented approach to the introductory management course provides readers with the tools necessary to communicate effectively, solve problems, see the big picture, and work cooperatively in teams. The Management Challenge, Managers and Entrepreneurs, The Evolution of Management Thought, The Changing Environment of Management, International Management and Cross-Cultural Competence, Management's Social and Ethical Responsibilities, Planning and Decision Making, The Basics of Planning and Project Planning, Strategic Management, Decision Making and Creative Problem Solving, Organizing and Managing Human Resources and Communicating, Organizations, Organizing for the Twenty-First Century, Human Resource Management, Communicating in the Computer Age, Motivating and Leading, Motivating Job Performance, Group Dynamics and Teamwork, Influence Processes and Leadership, Change and Conflict and Negotiation, Production and Organizational Control and Quality, Production and Organizational Control Processes, Improving Product and Service Quality. |
| 700 1# - ΠΡΟΣΘΕΤΗ ΑΝΑΓΡΑΦΗ--ΦΥΣΙΚΟ ΠΡΟΣΩΠΟ | |
| Personal name | Kreitner Robert |
| 9 (RLIN) | 955 |
| 942 ## - ADDED ENTRY ELEMENTS (KOHA) | |
| Koha item type | Books |
| Τύπος τεκμηρίου | Βιβλιοθήκη | Τρέχουσα τοποθεσία | Barcode | Αριθμός εισαγωγής | Ημερομηνία απόκτησης | Ταξιθετικό σύμβολο | Αριθμός αντιτύπου | Κατάσταση απόσυρσης | Κατάσταση χαμένου | Κατάσταση κατεστραμμένου | Μη δανεισμός | Σύνολο δανεισμών | Ημερομηνία τελευταίας εμφάνισης | Η τιμή ισχύει από |
|---|---|---|---|---|---|---|---|---|---|---|---|---|---|---|
| Books | MC Athens Campus Library | MC Athens Campus Library | 9780000007049 | 1338 | 05/06/2025 | 658 KRE | 1 | 05/06/2025 | 05/06/2025 |